Normal view
MARC view
- Aishwarya Darvatkar - 2k161012; Pradny Kashikar - Guide & Cludo Bits
Entry Personal Name
001 - CONTROL NUMBER
- control field: 105053
003 - CONTROL NUMBER IDENTIFIER
- control field: OSt
005 - DATE AND TIME OF LATEST TRANSACTION
- control field: 20221007221535.0
008 - FIXED-LENGTH DATA ELEMENTS
- fixed length control field: 221007|| aca||aabn | a|a d
040 ## - CATALOGING SOURCE
- Original cataloging agency: OSt
- Transcribing agency: OSt
100 ## - HEADING--PERSONAL NAME
- Personal name: Aishwarya Darvatkar - 2k161012; Pradny Kashikar - Guide & Cludo Bits
670 ## - SOURCE DATA FOUND
- Source citation: Work cat.: (OSt)79953: Aishwarya Darvatkar - 2k161012; Pradny Kashikar - Guide & Cludo Bits, A Cross Functional Study Of Processes In The It & Ites Industry, 2016